| 000 | 01470cam a2200397 i 4500 | ||
|---|---|---|---|
| 003 | EG-ScBUE | ||
| 005 | 20230410103058.0 | ||
| 008 | 691202s1985 ja o f b 001 0 eng d | ||
| 020 | _a9780870117329 | ||
| 020 | _a0870117327 | ||
| 020 | _a4770012322 (in Japan) | ||
| 040 |
_aEG-ScBUE _beng _erda _cEG-ScBUE _dEG-ScBUE |
||
| 041 | 1 |
_aeng _hjpn |
|
| 043 | _aa-ja--- | ||
| 082 | 0 | 4 |
_a792.0952 _bGUN _222 |
| 100 | 1 |
_aGunji, Masakatsu, _d1913- _eauthor. |
|
| 245 | 1 | 0 |
_aKabuki / _cText by Masakatsu Gunji, photographs by Chiaki Yoshida. Introd. by Donald Keene, translation by John Bester ; revised and new material for this edition translated by Janet Goff. |
| 250 | _aFirst edition. | ||
| 264 | 1 |
_aTokyo Kodansha International ; _aNew York : _bKodansha America, _c1985. |
|
| 300 |
_a223 pages : _bphotographs (color) ; _c37 cm |
||
| 336 |
_2rdacontent _atext _btxt |
||
| 337 |
_2rdamedia _aunmediated _bn |
||
| 338 |
_2rdacarrier _avolume _bnc |
||
| 504 | _aIncludes bibliographical references and index. | ||
| 546 | _aText in English ; translated from original Japanese. | ||
| 650 | 7 |
_aKabuki. _2BUEsh |
|
| 651 | _2BUEsh | ||
| 653 |
_bGGEN _cJanuary2018 |
||
| 655 | _vReading book | ||
| 700 | 1 | 0 |
_aYoshida, Chiaki, _eillustrator. |
| 700 | 1 | 0 |
_aKeene, Donald, _eauthor of introduction, etc. |
| 700 | 1 | 0 |
_aBester, John, _etranslator. |
| 700 | 1 | 0 |
_aGoff, Janet, _ereviewer, _etranslator. |
| 942 |
_2ddc _cBB |
||
| 999 |
_c25944 _d25916 |
||